Normal view
MARC view
- اصول الفقه الاسلامي- مقاصد الشريعة
Entry Topical Term
001 - CONTROL NUMBER
- control field: 52394
003 - CONTROL NUMBER IDENTIFIER
- control field: JO-AjAnu
005 - DATE AND TIME OF LATEST TRANSACTION
- control field: 20230606082619.0
008 - FIXED-LENGTH DATA ELEMENTS
- fixed length control field: 230606|| aca||aabn | a|a d
040 ## - CATALOGING SOURCE
- Original cataloging agency: JO-AjAnu
- Transcribing agency: JO-AjAnu
150 ## - HEADING--TOPICAL TERM
- Topical term or geographic name entry element: اصول الفقه الاسلامي- مقاصد الشريعة
670 ## - SOURCE DATA FOUND
- Source citation: Work cat.: (JO-AjAnu)26774: عودة، جاسر ؛ ترجمة عبد اللطيف الخياط, author 52393, مقاصد الشريعة كفلسفة للتشريع الإسلامي رؤية منظومية